| 000 | 004780000a22001690004500 | ||
|---|---|---|---|
| 003 | LK-CoMWRAF | ||
| 008 | 230817t ||||| |||| 00| 0 eng d | ||
| 040 |
_aLK-CoMWRAF _dLK-CoMWRAF _eLK-CoMWRAF |
||
| 041 | _aeng | ||
| 082 |
_a480 _bhas |
||
| 100 | _aHasler, Bonnie Sether | ||
| 245 |
_aBarriers to living independently for older women with disabilities _bServing older women with disabilities |
||
| 260 |
_bAARP _c1991 |
||
| 300 | _ap.43 | ||
| 650 | _aSociology | ||
| 942 | _cBK | ||
| 999 |
_c2967 _d2967 |
||